000 00913nam a22002537a 4500
999 _c6728
_d6728
003 AR-CdUCM
008 190319b ||||| |||| 00| 0 spa d
020 _a84-205-0577-3
040 _aMUNICIPALIDAD PROVINCIAL DEL CUSCO
_cBIBLIOTECA MUNICIPAL DEL CUSCO
082 _a512 /
_bC29
100 _aCarbó Carré, R.
_918938
245 _aIntroducción a la Teoría de Matrices /
260 _aMadrid :
_bAlhambra,
_c1976.
300 _a425 paginas ;
_btablas, graficos, ilustraciones,
_c20cm.
440 _aExedra - ciencia tecnica ingenieria
_n107
_918939
505 _aContenido: Algebra matricial -- Matrices -- Inversion de una matriz -- espacios vectoriales -- Ecuaciones lineales...
650 _aMatematicas
_99398
650 _aAritmetica
_918940
650 _aAlgebra matricial
_918941
650 _aMatriz
_918942
700 _aHernández Basora, J. A.
_918943
942 _2ddc
_cLIBROS
945 _apjha